书目信息 |
| 题名: |
德国早期浪漫主义美学导论
|
|
| 作者: | 曼弗雷德·弗兰克 著 ;聂军 译 | |
| 分册: | 下册 | |
| 出版信息: | 长春 吉林人民出版社 2011 |
|
| 页数: | 305-471页 | |
| 开本: | 24cm | |
| 丛书名: | 人文译丛 | |
| 单 册: | ||
| 中图分类: | B83-095.16 | |
| 科图分类: | ||
| 主题词: | 浪漫主义--美学思想--德国 , 浪漫主义 , 美学思想 | |
| 电子资源: | ||
| ISBN: | 978-7-206-07185-0 | |
| 000 | 01115oam2 2200301 45 | |
| 001 | 1356820015 | |
| 005 | 20130515091916.40 | |
| 010 | @a978-7-206-07185-0@dCNY29.00(全2册58.00) | |
| 100 | @a20130108d2011 em y0chiy0110 ea | |
| 101 | 1 | @achi@cger |
| 102 | @aCN@b220000 | |
| 105 | @ay z 000yy | |
| 106 | @ar | |
| 200 | 1 | @a德国早期浪漫主义美学导论@ADe Guo Zao Qi Lang Man Zhu Yi Mei Xue Dao Lun@h下册@HXia Ce@f(德) 曼弗雷德·弗兰克著@F( De ) Man Fu Lei De· Fu Lan Ke Zhu@g聂军等译 |
| 205 | @a2版 | |
| 210 | @a长春@c吉林人民出版社@d2011 | |
| 215 | @a305-471页@d24cm | |
| 225 | 2 | @a人文译丛 |
| 330 | @a本书介绍了文艺运动的唯心主义哲学理论基础。以施莱格尔兄弟等一大批浪漫主义文人的艺术理论探索和创作实践为主体,创立了成就卓著的浪漫主义美学理论,奠定了西方近代美学的基础。 | |
| 461 | 0 | @12001 @a人文译丛 |
| 606 | 0 | @a浪漫主义@x美学思想@y德国 |
| 606 | 0 | @a浪漫主义 |
| 606 | 0 | @a美学思想 |
| 690 | @aB83-095.16@v5 | |
| 701 | 1 | @c(德)@a曼弗雷德·弗兰克@AMan Fu Lei De· Fu Lan Ke@4著 |
| 702 | 0 | @a聂军@ANie Jun@4译 |
| 801 | @aCN@bTANGWEI@c20130108 | |
| 905 | @b0829972-76@dB83-095.16@e274:2=2@f5 | |
| 德国早期浪漫主义美学导论.下册/(德) 曼弗雷德·弗兰克著/聂军等译.-2版.-长春:吉林人民出版社,2011 |
| 305-471页;24cm.-(人文译丛) |
| ISBN 978-7-206-07185-0:CNY29.00(全2册58.00) |
| 本书介绍了文艺运动的唯心主义哲学理论基础。以施莱格尔兄弟等一大批浪漫主义文人的艺术理论探索和创作实践为主体,创立了成就卓著的浪漫主义美学理论,奠定了西方近代美学的基础。 |
| ● |
| 相关链接 |
|
|
|
|
正题名:德国早期浪漫主义美学导论
索取号:B83-095.16/274:2=2
 
预约/预借
| 序号 | 登录号 | 条形码 | 馆藏地/架位号 | 状态 | 备注 |
| 1 | 0829972 | 208299722 | 第一样本阅览室/ [索取号:B83-095.16/274:2=2] | 在馆 | |
| 2 | 0829973 | 208299731 | 第一借阅区/ [索取号:B83-095.16/274:2=2] | 在馆 | |
| 3 | 0829974 | 208299740 | 第一借阅区/ [索取号:B83-095.16/274:2=2] | 在馆 | |
| 4 | 0829975 | 208299759 | 第一借阅区/ [索取号:B83-095.16/274:2=2] | 在馆 | |
| 5 | 0829976 | 208299768 | 第一借阅区/ [索取号:B83-095.16/274:2=2] | 在馆 |